000 01513nam a2200385 a 4500
003 CO-BoRNBP
005 20241018104317.0
007 ta
008 110223s2010 ck a gr 00010 spa d
020 _a9789588250892
040 _aCO-BoBLA
_bspa
_cCO-BoBLA
_erda
041 0 _aspa
043 _as-ck---
082 0 4 _aCo864.6
_bZ16p2
_221
100 1 _aZapata Olivella, Manuel,
_d1920-2004.
_91211
240 1 0 _aCórdoba-Bibliografía regional
245 1 0 _aPor los senderos de sus ancestros :
_btextos escogidos: 1940-2000 /
_cManuel Zapata Olivella ; compilación y presentación de Alfonso Múnera.
250 _aPrimera edición
300 _a412 p. ;
_c21 cm.
336 _2rdacontenido
_atexto
_btxt
337 _2rdamedio
_asin mediación
_bn
338 _2rdasoporte
_avolumen
_bnc
490 0 _aBiblioteca de literatura afrocolombiana ;
_v18
650 7 _aFolclor
_xHistoria y crítica
_zColombia.
_2BLAAUTO
_943311
650 7 _aPorros
_zBogotá (Colombia).
_2BLAAUTO
_943312
650 7 _aIdentidad cultural.
_2BLAAUTO
_921849
650 7 _aEnsayos colombianos.
_2BLAAUTO
_91215
700 1 _aMúnera, Alfonso,
_ecomp.
_943313
730 0 _aBogotá-Bibliografía regional.
_936982
830 0 _aColección de documentos en Biblioteca Virtual
_943314
830 0 _aMalcom Deas-Colección
_943315
856 4 0 _uhttp://www.banrepcultural.org/blaavirtual/biblioteca-afrocolombiana/manuel-zapata-olivella-por-los-senderos-de-sus-ancestros
_zAcceso a texto completo
942 _2ddc
_cBK
949 _ac
_bc
999 _c38492
_d38492